000 00237 a2200097 4500
001 28334
100 _aQureshi, B A
245 _aKitabistan's 20th Cent. Practical Dictionary
260 _a
_bKitabistan Pub. Co.
_c
090 _c18943
_d18943
942 _aNUST-CAE
_cM
_c9939
999 _c263407
_d263407